000 00881nam a2200253Ia 4500
003 OSt
005 20220926012259.0
006 a|||||r|||| 00| 0
007 ta
008 220923b |||||||| |||| 00| 0 eng d
020 _a023112998x
_c637.5
037 _b30911, 24/12/2010, Segment Book Distrobutors
_cGeneral Book
040 _aRTL
_cRTL
_beng
041 _2eng
_aeng
082 _aY9(V2:71)b4, P4
100 _aGuha-Thakurta Tapati
245 0 _aMonuments, objects, histories
_b Institutions of art in Colonial and Postcolonial India
260 _aNew York
_bCambridge University Press
_c2004
300 _axxv, 404p Bibliography: P 372-91
_ccm.
490 _aCulture of History
650 _aSociology
942 _hY9(V2:71)b4, P4
_cGB
_2CC
999 _c622338
_d622338